LEADER 01666cam2-2200457---450- 001 990001131070203316 005 20120316082108.0 010 $a88-207-3170-3 035 $a000113107 035 $aUSA01000113107 035 $a(ALEPH)000113107USA01 035 $a000113107 100 $a20030205d2001----km-y0itay50------ba 101 0 $aita 102 $aIT 105 $aa|||z|||101yy 200 1 $a<> luoghi dell'immaginario barocco$eatti del convegno di Siena, 21-23 ottobre 1999$fa cura di Lucia Strappini 210 $aNapoli$cLiguori$d2001 215 $aXII, 610 p.$cill.$d24 cm 225 2 $aDomini$iCritica e letteratura$v30 410 0$1001000277483$12001$aDomini. Critica e letteratura$v, 30 606 0 $aLetteratura$yEuropa$zSec. 17.$zAtti di congressi$2BNCF 676 $a809.032 700 1$aSTRAPPINI,$bLucia$0173186 801 0$aIT$bsalbc$gISBD 912 $a990001131070203316 951 $aVI.3. Coll. 98/ 17(V C 1886)$b163988 L.M.$cVI.3. Coll.$d00098338 951 $aVI.3. Coll. 98/ 17a(V C 1886 BIS)$b163989 L.M.$cVI.3. Coll.$d00098339 951 $aVI.3. Coll. 98/ 17b(V C 1886 A)$b163990 L.M.$cVI.3. Coll.$d00098340 959 $aBK 969 $aUMA 979 $aPAOLA$b90$c20030205$lUSA01$h1206 979 $aPAOLA$b90$c20030205$lUSA01$h1239 979 $aPAOLA$b90$c20030205$lUSA01$h1335 979 $aPATRY$b90$c20040406$lUSA01$h1718 979 $aCOPAT6$b90$c20060309$lUSA01$h1105 979 $aANNAMARIA$b90$c20100125$lUSA01$h1508 979 $aANNAMARIA$b90$c20100126$lUSA01$h1156 979 $aANNAMARIA$b90$c20120316$lUSA01$h0821 996 $aLuoghi dell'immaginario barocco$9980075 997 $aUNISA LEADER 01152nam a2200253 i 4500 001 991001679139707536 008 120419s2006 ua a b 001 0 fre 020 $a2724704150 035 $ab14052350-39ule_inst 040 $aBiblioteca Interfacoltà$bita 082 04$a299.31 100 1 $aGoyon, Jean Claude$0473504 245 13$aLe rituel du sòhtp Sùhmt au changement de cycle annuel :$bd'après les architraves du temple d'Edfou et textes parallèles, du Nouvel Empire à l'époque ptolémaique et romaine /$cJean-Claude Goyon 260 $aLe Caire :$bInstitut français d'archéologie orientale,$c2006 300 $a164 p. :$bill. ;$c28 cm. 440 0$aBibliothèque d'étude ;$v141 650 4$aIscrizioni egiziane$zEdfou 650 4$aReligione egiziana$xTesti 907 $a.b14052350$b02-04-14$c19-04-12 912 $a991001679139707536 945 $aLE002 Museo Papirologico BELT Coll. BiEtud 141$g1$i2002000633903$lle002$og$pE44.00$q-$rn$so $t0$u0$v0$w0$x0$y.i15402460$z19-04-12 996 $aRituel du sòhtp Sùhmt au changement de cycle annuel$9238181 997 $aUNISALENTO 998 $ale002$b19-04-12$cm$da $e-$ffre$gua $h3$i0 LEADER 06547nam 22006855 450 001 9910842285103321 005 20260325135529.0 010 $a9789819972821 010 $a9819972825 024 7 $a10.1007/978-981-99-7282-1 035 $a(CKB)30597541800041 035 $a(MiAaPQ)EBC31200929 035 $a(Au-PeEL)EBL31200929 035 $a(DE-He213)978-981-99-7282-1 035 $a(EXLCZ)9930597541800041 100 $a20240229d2024 u| 0 101 0 $aeng 135 $aur||||||||||| 181 $ctxt$2rdacontent 182 $cc$2rdamedia 183 $acr$2rdacarrier 200 10$aAgroforestry to Combat Global Challenges $eCurrent Prospects and Future Challenges /$fedited by Hanuman Singh Jatav, Vishnu D. Rajput, Tatiana Minkina, Eric D. Van Hullebusch, Asik Dutta 205 $a1st ed. 2024. 210 1$aSingapore :$cSpringer Nature Singapore :$cImprint: Springer,$d2024. 215 $a1 online resource (579 pages) 225 1 $aSustainable Development and Biodiversity,$x2352-4758 ;$v36 311 08$a9789819972814 311 08$a9819972817 320 $aIncludes bibliographical references. 327 $aPreface -- About the Editors -- List of Contributors -- Acknowledgement -- Section I Agro-forestry-Inception for Restoring Soil Health (Physical, Chemical and Biological Properties) -- Chapter 1 Soil Fertility and Soil Biodiversity Health Under Different Agroforestry Systems -- Chapter 2 Agroforestry ? A Resource Conserving Technology for Efficient Utilization of Agricultural Inputs, Leads to Food and Environmental Security -- Chapter 3 The Tree-crop Interface: Soil Moisture Relations -- Chapter 4 Potential Nutrient Cycling and Management in Agroforestry -- Chapter 5 Agroforestry Based Consequences Improves the Soil Health -- Chapter 6 Soil Nutrient Dynamics and Cycling Under Agroforestry -- Section II: Addressing Climate Change and Eco-system Services Through Agro-forestry System -- Chapter 7 Benefactions of Agroforestry to Ecosystem Services -- Chapter 8 Agroforestry for Restoring and Improving Soil Health -- Chapter 9 Nutrient Acquisition in Agroforestry Ecosystem Services and Soil Health -- Chapter 10 Carbon Sequestration in Agroforestry: Enhancement of Both Soil Organic and Inorganic Carbon -- Chapter 11 Sustainable Forest Management (SFM) for C footprint and Climate Change Mitigation -- Chapter 12 Climate Change Mitigation Through Agro-forestry Improves Natural Resource and Livelihood Security -- Section III: Ensuring Food Security Via Agro-forestry System -- Chapter 13 Interaction Between Belowground and Aboveground Resources in Tree-Crop Systems -- Chapter 14 Restoration of Degraded Soils for Food Production Through Agroforestry -- Chapter 15 Nano-fertilizers: A Novel Technology for Enhancing Nutrient Use Efficiency of Crops and a Relevance to Agroforestry -- Chapter 16 Sustainable Agroforestry Based Approach to Achieve Food Security through Soil Health -- Chapter 17 Soil, Water and Biodiversity Conservation Through Agroforestry for Crop Production -- Chapter 18 Breeding of Jatropha For Oil, Phorbol and Quantitative Traits for Sustainable Yield Under Agroforestry System -- Section IV: Socio-economic impact of agro-forestry system -- Chapter 19 Breeding Potentials Of Wild Forest Rattans Palms To Ensure Food Security -- Chapter 20 An Insight into Prevalent Agroforestry Land use Systems of North Western Himalayan region, India: Challenges and Future prospects -- Chapter 21 Assessment of Impact of Land uses on Soil Carbon Stock and Quality -- Chapter 22 Litter Fall Decomposition and its Effects on Nutrient Accretion to Soil Under Agroforestry Systems -- Chapter 23 Agroforestry - a Key Technique for Achieving the Sustainable Development Goals -- Chapter 24 Exploring the Agroforestry Systems for Ecosystem Services: A Synthesis of Current Knowledge and Future Research Directions -- Chapter 25 Revitalizing Degraded Soils with Agroforestry Interventions: Opportunities, Challenges and Future Direction -- Chapter 26 Rice-fish Based Agroforestry System: A Climate Smart Way to Reconcile Sustainable Livelihood Options. . 330 $aThis edited book brings out comprehensive insights on agro-forestry systems to cope up climate change globally. The main essence of this book is to unfurl the positive sides of agri-silvipastoral system to reduce greenhouse gases (GHGs) and temperature. Agro-forestry can be defined as the farming practice combining field crops, perennial trees and livestock. The impact of agro-forestry on ecology is implacable which is thoroughly discussed under different heads in this book. In addition, the book is bundle of different novel sections including tables, graphical representation, and figures showcasing the bright side of agro-forestry system. Furthermore, trees which are important component of boosting socio-economic conditions, especially for the indigenous populations have also been discussed meticulously. Hence, all together this book deciphers an account of agro-forestry practices in society and environment along with the major pros- and cons- of the system. Undoubtedly, this information could enrich the scholarly knowledge for graduate research fellows, teachers, scientists, researchers, and environmentalists in gaining multifaceted information of agro-forestry system in both ecological and economical aspects. Different research highlights will be helpful for the policy makers to implement this novel practice in intensive production systems and harness the maximum benefits out of this. . 410 0$aSustainable Development and Biodiversity,$x2352-4758 ;$v36 606 $aAgriculture 606 $aAgricultural ecology 606 $aFood security 606 $aAgriculture 606 $aAgroecology 606 $aFood Security 606 $aAgrosilvicultura$2thub 606 $aCanvi climàtic$2thub 606 $aReducció de gasos d'efecte hivernacle$2thub 608 $aLlibres electrònics$2thub 615 0$aAgriculture. 615 0$aAgricultural ecology. 615 0$aFood security. 615 14$aAgriculture. 615 24$aAgroecology. 615 24$aFood Security. 615 7$aAgrosilvicultura 615 7$aCanvi climàtic 615 7$aReducció de gasos d'efecte hivernacle 676 $a634.99 702 $aJatav$b Hanuman Singh 801 0$bMiAaPQ 801 1$bMiAaPQ 801 2$bMiAaPQ 906 $aBOOK 912 $a9910842285103321 996 $aAgroforestry to Combat Global Challenges$94146349 997 $aUNINA